000 00736nam a2200193Ia 4500
003 GCL
008 140319s9999 xx 000 0 ara d
040 _aGCL /
_cGCL
082 0 4 _aط
_b372.21
_bم ع
100 1 _aمختار الطاهر حسين
245 1 0 _aعلم طفلك العربية: منهج اساسى فى تعليم العربية للاطفال القراءة والكتابة الجزء الثانى 4 : 6 سنوات /
_cمختار الطاهر حسين
300 _a63 ص
490 _aالهيئة العامة للاستعلامات
_v0
650 0 4 _aالاطفال
650 0 4 _aتعليم الاطفال
650 0 4 _aالقراءة
650 0 4 _aاللغة العربية - الكتابة
942 _2ddc
_cBK
999 _c51280
_d51280